Forum Scientiae Oeconomia
Salvato in:
| Natura: | Periodico |
|---|---|
| Lingua: | inglese polacco |
| Pubblicazione: |
Dąbrowa Górnicza
Wydawnictwo Naukowe Akademii WSB
|
| Tags: |
Nessun Tag, puoi essere il primo ad aggiungerne!!
|
MARC
| LEADER | 00000nas1a2200000 4500 | ||
|---|---|---|---|
| 001 | 0279436 | ||
| 005 | 20250701092112.3 | ||
| 022 | |a 2353-4435 | ||
| 022 | |a 2300-5947 | ||
| 041 | 0 | |a eng | |
| 041 | 0 | |a pol | |
| 044 | |a PL | ||
| 245 | 1 | 0 | |a Forum Scientiae Oeconomia |
| 264 | 1 | |a Dąbrowa Górnicza |b Wydawnictwo Naukowe Akademii WSB | |